| 000 | 01349nam0a2200301 4500 | ||
|---|---|---|---|
| 001 | RU\NLR\BIBL_A\012558944 | ||
| 005 | 20260407140015.0 | ||
| 035 | _a(NLR Aleph) 012558944 | ||
| 090 |
_a12454509 _c12454509 |
||
| 100 | _a20201027d1924 |||y0rusy50 ca | ||
| 101 | 0 | _arus | |
| 102 | _aRU | ||
| 105 | _ay g 000yy | ||
| 181 | 0 |
_ai _baxxe |
|
| 182 | 0 | _an | |
| 200 | 1 |
_aРасписание движения пассажирских поездов дальнего и пригородного сообщения. С 1-го ноября 1924 года. Балтийская линия _fС.С.С.Р. Н.К.П.С. Московско-Белорусско-Балтийская железная дорога |
|
| 203 |
_aТекст _bвизуальный _cнепосредственный |
||
| 210 |
_aМосква _cНКПС-Транспечать _d1924 |
||
| 215 |
_a74 с. _d22 |
||
| 606 | 1 |
_aЖелезнодорожный транспорт _xРасписания _yСССР _yМосква, город _z1924 _92459270 _3RU\NLR\AUTH\6601678958 |
|
| 686 | 3 | _aО285.502.32 | |
| 710 | 0 | 2 |
_aМосковско-Белорусско-Балтийская железная дорога _3RU\NLR\AUTH\8810005228 _9507809 |
| 852 |
_aNLR _j40/1786 |
||
| 942 | _cBOOK | ||
| 980 | _aNB | ||